[Event "Titled Tuesday intern op 21st Jan Late"]
[Site "Chess.com INT"]
[Date "2025.01.21"]
[Round "1"]
[White "Marinakis, Hristos"]
[Black "Harshavardhan, GB."]
[Result "0-1"]
[WhiteElo "2158"]
[BlackElo "2405"]
[PlyCount "80"]
[EventDate "2025.01.21"]
[EventType "swiss (blitz)"]
[EventRounds "11"]
[EventCountry "USA"]
[SourceTitle "CB05_2025"]
[SourceDate "2025.01.29"]
[SourceVersion "1"]
[SourceVersionDate "2025.01.29"]
[SourceQuality "1"]

1. Nf3 Nc6 2. e4 e5 3. Bb5 a6 4. Ba4 d6 5. c3 f5 6. exf5 Bxf5 7. d4 e4 8. d5 exf3 9. dxc6 b5 10. Bb3 fxg2 11. Rg1 Qh4 12. Qe2+ Qe4 13. Rxg2 Qxe2+ 14. Kxe2 Ne7 15. Nd2 Nxc6 16. Bd5 Kd7 17. Nf3 Re8+ 18. Be3 g6 19. Kd2 Bg7 20. a4 Ne7 21. Bb3 Be4 22. Rg3 Nf5 23. Rh3 Nxe3 24. fxe3 b4 25. Ng5 Bf5 26. Rf3 bxc3+ 27. bxc3 Rb8 28. Ra3 Rhf8 29. a5 h6 30. Nf7 Be4 31. Rf4 d5 32. Rxe4 dxe4 33. Bc4 Rb2+ 34. Kc1 Rxh2 35. Ra4 h5 36. Bd5 c6 37. Bb3 Re8 38. Ng5 h4 39. Rb4 Bxc3 40. Rb7+ Kd6 0-1

[Event "Titled Tuesday intern op 21st Jan Late"]
[Site "Chess.com INT"]
[Date "2025.01.21"]
[Round "8"]
[White "Vila Dupla, Aurelio"]
[Black "Marinakis, Hristos"]
[Result "0-1"]
[WhiteElo "2056"]
[BlackElo "2158"]
[PlyCount "88"]
[EventDate "2025.01.21"]
[EventType "swiss (blitz)"]
[EventRounds "11"]
[EventCountry "USA"]
[SourceTitle "CB05_2025"]
[SourceDate "2025.01.29"]
[SourceVersion "1"]
[SourceVersionDate "2025.01.29"]
[SourceQuality "1"]

1. Nf3 Nf6 2. g3 d5 3. Bg2 c6 4. 0-0 g6 5. b3 Bg7 6. Bb2 0-0 7. c4 Re8 8. d3 Nbd7 9. Nbd2 e5 10. cxd5 cxd5 11. e4 dxe4 12. Nxe4 Nxe4 13. dxe4 b6 14. Qe2 Bb7 15. Rfd1 Qe7 16. Rd2 Rad8 17. Rad1 Nc5 18. Ba3 Rxd2 19. Rxd2 f5 20. Qc4+ Qe6 21. Qxe6+ Nxe6 22. exf5 gxf5 23. Rd7 Bc6 24. Rd6 Ba8 25. Nh4 Bxg2 26. Kxg2 Nd4 27. Bb2 Rf8 28. f4 Nb5 29. Rd7 Rf7 30. Rxf7 Kxf7 31. Nxf5 Bf8 32. Bxe5 Ke6 33. Nd4+ Nxd4 34. Bxd4 Kd5 35. Bb2 Ke4 36. Kh3 Kf5 37. Be5 b5 38. g4+ Ke4 39. Kh4 Kf3 40. Kh5 a5 41. h4 a4 42. bxa4 bxa4 43. f5 Ke4 44. Bb2 Kf4 0-1

[Event "Titled Tuesday intern op 03rd Sep Early"]
[Site "Chess.com INT"]
[Date "2024.09.03"]
[Round "3"]
[White "Marinakis, Hristos"]
[Black "Mohamed, Saeed Laily"]
[Result "1-0"]
[WhiteElo "2158"]
[BlackElo "1950"]
[PlyCount "67"]
[EventDate "2024.09.03"]
[EventType "swiss (blitz)"]
[EventRounds "11"]
[EventCountry "USA"]
[SourceTitle "EXT 2025"]
[Source "ChessBase"]
[SourceDate "2024.10.14"]
[SourceVersion "1"]
[SourceVersionDate "2024.10.14"]
[SourceQuality "1"]

1. Nf3 d5 2. g3 Nc6 3. Bg2 e5 4. d4 e4 5. Ne5 f5 6. 0-0 Bd6 7. f4 Nf6 8. e3 Qe7 9. c4 Be6 10. Nc3 0-0 11. Nxc6 bxc6 12. c5 Bxc5 13. dxc5 Qxc5 14. Na4 Qe7 15. b3 Rfd8 16. Bb2 Ng4 17. Bd4 h5 18. h3 Nf6 19. Rc1 Bd7 20. Nc5 Be8 21. Qc2 Qf7 22. Kh2 Qg6 23. Bh1 Qh6 24. Rf2 Bf7 25. a4 a5 26. Qc3 Ne8 27. Nb7 Rdb8 28. Nxa5 h4 29. Rg2 Be6 30. gxh4 Qxh4 31. Rcg1 Kf7 32. Nxc6 Nd6 33. Rxg7+ Kf8 34. Rg8+ 1-0

[Event "Titled Tuesday intern op 03rd Sep Early"]
[Site "Chess.com INT"]
[Date "2024.09.03"]
[Round "2"]
[White "Raczek, Krzysztof"]
[Black "Marinakis, Hristos"]
[Result "1-0"]
[WhiteElo "2416"]
[BlackElo "2158"]
[PlyCount "113"]
[EventDate "2024.09.03"]
[EventType "swiss (blitz)"]
[EventRounds "11"]
[EventCountry "USA"]
[SourceTitle "EXT 2025"]
[Source "ChessBase"]
[SourceDate "2024.10.14"]
[SourceVersion "1"]
[SourceVersionDate "2024.10.14"]
[SourceQuality "1"]

1. d4 Nf6 2. c4 e6 3. Bf4 b6 4. a3 Bb7 5. Nc3 Be7 6. d5 exd5 7. cxd5 d6 8. e4 0-0 9. Bd3 Re8 10. Nge2 Nbd7 11. 0-0 Bf8 12. Ng3 h6 13. Re1 a6 14. Rc1 c5 15. dxc6 Bxc6 16. Bb1 Ne5 17. Nf5 Bb7 18. Qd4 Rc8 19. Rcd1 Rc4 20. Qd2 Nxe4 21. Nxe4 Bxe4 22. Rxe4 Rxe4 23. Bxe4 Nc4 24. Qc2 Nxb2 25. Ng3 Qf6 26. Bc1 Nxd1 27. Qxd1 Qc3 28. Be3 Qxa3 29. Bxb6 d5 30. Bxd5 Qd6 31. Qf3 Re7 32. Be3 Rd7 33. Bb3 Qb4 34. Qf5 Rc7 35. Bc2 g6 36. Qd3 Qe1+ 37. Nf1 a5 38. Bd2 Qe5 39. Bb3 Re7 40. Qxg6+ Qg7 41. Qxg7+ Bxg7 42. Bxa5 Rb7 43. Bc4 Ra7 44. Bd2 Rc7 45. Be2 Kh7 46. Be3 Rd7 47. Bb5 Rb7 48. Bc4 Rc7 49. Bd3+ Kg8 50. g4 Rd7 51. Bf5 Rc7 52. Ng3 Rb7 53. Kg2 Be5 54. Nh5 Rb2 55. h3 Bg7 56. Nxg7 Kxg7 57. Bd4+ 1-0

[Event "Titled Tuesday intern op 03rd Sep Early"]
[Site "Chess.com INT"]
[Date "2024.09.03"]
[Round "4"]
[White "Sidorika, Vladislav"]
[Black "Marinakis, Hristos"]
[Result "1-0"]
[WhiteElo "2295"]
[BlackElo "2158"]
[PlyCount "65"]
[EventDate "2024.09.03"]
[EventType "swiss (blitz)"]
[EventRounds "11"]
[EventCountry "USA"]
[SourceTitle "EXT 2025"]
[Source "ChessBase"]
[SourceDate "2024.10.14"]
[SourceVersion "1"]
[SourceVersionDate "2024.10.14"]
[SourceQuality "1"]

1. a3 d5 2. b4 Nf6 3. Bb2 g6 4. Nf3 Bg7 5. g3 0-0 6. Bg2 Bg4 7. 0-0 Re8 8. c4 c6 9. Qb3 Bxf3 10. Bxf3 e5 11. cxd5 cxd5 12. d3 Nc6 13. Rd1 Rc8 14. a4 Qd7 15. Bg2 h5 16. h3 Rcd8 17. e3 Qf5 18. Nc3 e4 19. dxe4 Nxe4 20. Nxe4 dxe4 21. Bxg7 Kxg7 22. Qc4 Rxd1+ 23. Rxd1 Re6 24. Rd5 Qf6 25. b5 Qa1+ 26. Kh2 Ne7 27. Qd4+ Qxd4 28. Rxd4 f5 29. Rd7 b6 30. Bf1 Kf6 31. Rxa7 Rd6 32. Bc4 Ke5 33. Rxe7+ 1-0

[Event "Titled Tuesday intern op 03rd Sep Early"]
[Site "Chess.com INT"]
[Date "2024.09.03"]
[Round "8"]
[White "Skliarov, Viktor"]
[Black "Marinakis, Hristos"]
[Result "1-0"]
[WhiteElo "2345"]
[BlackElo "2158"]
[PlyCount "113"]
[EventDate "2024.09.03"]
[EventType "swiss (blitz)"]
[EventRounds "11"]
[EventCountry "USA"]
[SourceTitle "EXT 2025"]
[Source "ChessBase"]
[SourceDate "2024.10.14"]
[SourceVersion "1"]
[SourceVersionDate "2024.10.14"]
[SourceQuality "1"]

1. e4 c5 2. Nf3 d6 3. d4 cxd4 4. Qxd4 a6 5. Be3 Nc6 6. Qd2 Nf6 7. Nc3 g6 8. 0-0-0 Bg7 9. e5 dxe5 10. Qxd8+ Nxd8 11. Nxe5 0-0 12. Na4 Be6 13. Nb6 Rb8 14. Nbd7 Nxd7 15. Nxd7 Bxd7 16. Rxd7 Nc6 17. Be2 Rfc8 18. Rhd1 h5 19. Bb6 Bf6 20. f4 Kg7 21. Bf3 e6 22. c3 Kg8 23. Kb1 Kg7 24. g3 e5 25. Bd5 Rf8 26. Rf1 exf4 27. Rxf4 Ne5 28. Rc7 Bd8 29. Re4 Nc6 30. Bxc6 bxc6 31. Bd4+ Kg8 32. Rxc6 Bg5 33. Rxa6 Rfc8 34. Kc2 Rb5 35. a4 Rf5 36. Re2 Rf1 37. h4 Bh6 38. Rb6 Rc1+ 39. Kb3 Ra1 40. Rb7 Ra8 41. Ree7 R1xa4 42. Rxf7 R4a6 43. Ra7 R6xa7 44. Rxa7 Rb8+ 45. Kc2 Re8 46. Kd3 Rf8 47. Ke4 Re8+ 48. Kd5 Rd8+ 49. Ke6 Re8+ 50. Re7 Rb8 51. b4 Bf8 52. Rd7 Rc8 53. Kd5 Re8 54. b5 Rb8 55. b6 Rc8 56. b7 Rb8 57. Be5 1-0

[Event "Titled Tuesday intern op 20th Aug Early"]
[Site "Chess.com INT"]
[Date "2024.08.20"]
[Round "9"]
[White "Gubajdullin, Alexey"]
[Black "Marinakis, Hristos"]
[Result "1-0"]
[WhiteElo "2238"]
[BlackElo "2131"]
[PlyCount "85"]
[EventDate "2024.08.20"]
[EventType "swiss (blitz)"]
[EventRounds "11"]
[EventCountry "USA"]
[SourceTitle "EXT 2025"]
[Source "ChessBase"]
[SourceDate "2024.10.14"]
[SourceVersion "1"]
[SourceVersionDate "2024.10.14"]
[SourceQuality "1"]

1. Nf3 Nf6 2. g3 g6 3. Bg2 Bg7 4. 0-0 0-0 5. d3 d5 6. Nbd2 c5 7. e4 dxe4 8. dxe4 Nc6 9. c3 Bg4 10. h3 Bxf3 11. Qxf3 Ne5 12. Qe2 Qd3 13. Re1 Rad8 14. Qxd3 Nxd3 15. Re2 e5 16. Nc4 Nxc1 17. Rxc1 Rfe8 18. a4 Re7 19. Ree1 Ne8 20. Rcd1 Red7 21. Rxd7 Rxd7 22. h4 h5 23. Bh3 Rd8 24. Kf1 Kf8 25. Ke2 Ke7 26. f3 Nd6 27. Ne3 Ke8 28. Rd1 Bh6 29. Nd5 f5 30. exf5 gxf5 31. Nf6+ Ke7 32. Nxh5 Rf8 33. g4 fxg4 34. fxg4 Bf4 35. g5 Rh8 36. Bg4 Ne4 37. Rd7+ Ke8 38. Rxb7 Ng3+ 39. Nxg3 Rxh4 40. Bd7+ Kd8 41. Ne4 Rh2+ 42. Kf3 Rh3+ 43. Bxh3 1-0

[Event "Titled Tuesday intern op 20th Aug Early"]
[Site "Chess.com INT"]
[Date "2024.08.20"]
[Round "6"]
[White "Guthrie, Aaron"]
[Black "Marinakis, Hristos"]
[Result "0-1"]
[WhiteElo "2140"]
[BlackElo "2131"]
[PlyCount "76"]
[EventDate "2024.08.20"]
[EventType "swiss (blitz)"]
[EventRounds "11"]
[EventCountry "USA"]
[SourceTitle "EXT 2025"]
[Source "ChessBase"]
[SourceDate "2024.10.14"]
[SourceVersion "1"]
[SourceVersionDate "2024.10.14"]
[SourceQuality "1"]

1. e4 e5 2. Nf3 Nc6 3. Bc4 Bc5 4. b3 Nf6 5. d3 h6 6. c3 Bb6 7. 0-0 0-0 8. h3 d5 9. exd5 Nxd5 10. Bb2 Be6 11. Re1 Nf4 12. d4 exd4 13. cxd4 Nd5 14. Nbd2 Qd7 15. Bb5 Qd8 16. Bxc6 bxc6 17. Ne5 Nf4 18. Qf3 Qg5 19. Ne4 Qh4 20. Qg3 Qxg3 21. Nxg3 Bd5 22. f3 Rfe8 23. Ne2 Nxe2+ 24. Rxe2 f6 25. f4 fxe5 26. fxe5 c5 27. Rd1 cxd4 28. Bxd4 Bxd4+ 29. Rxd4 c6 30. b4 a6 31. a3 Re6 32. Kf2 Rae8 33. Rc2 Rxe5 34. Rc5 Re2+ 35. Kg3 Rxg2+ 36. Kf4 Rf2+ 37. Kg3 Rf3+ 38. Kg4 Rxa3 0-1

[Event "Titled Tuesday intern op 20th Aug Early"]
[Site "Chess.com INT"]
[Date "2024.08.20"]
[Round "3"]
[White "Marinakis, Hristos"]
[Black "Mesquita, Eduardo Barbosa"]
[Result "0-1"]
[WhiteElo "2131"]
[BlackElo "1979"]
[PlyCount "66"]
[EventDate "2024.08.20"]
[EventType "swiss (blitz)"]
[EventRounds "11"]
[EventCountry "USA"]
[SourceTitle "EXT 2025"]
[Source "ChessBase"]
[SourceDate "2024.10.14"]
[SourceVersion "1"]
[SourceVersionDate "2024.10.14"]
[SourceQuality "1"]

1. e4 c5 2. Nf3 d6 3. d4 cxd4 4. Nxd4 Nf6 5. Nc3 a6 6. Bc4 e6 7. Bb3 Be7 8. g4 0-0 9. g5 Nfd7 10. h4 b5 11. a3 Bb7 12. Rg1 Nc5 13. Qe2 d5 14. exd5 exd5 15. Be3 Re8 16. 0-0-0 b4 17. axb4 Nxb3+ 18. Nxb3 Bxb4 19. Qd3 Bxc3 20. Qxc3 Nc6 21. h5 Rc8 22. Qd2 Ne5 23. Qb4 Qc7 24. c3 Nc4 25. Bd4 Qf4+ 26. Kb1 Rb8 27. g6 hxg6 28. hxg6 fxg6 29. Qa4 Re2 30. Qd7 Rxb2+ 31. Ka1 Qf8 32. Bc5 Qe8 33. Qc7 Qa4+ 0-1

[Event "Titled Tuesday intern op 20th Aug Early"]
[Site "Chess.com INT"]
[Date "2024.08.20"]
[Round "1"]
[White "Marinakis, Hristos"]
[Black "Rustamov, Rustam"]
[Result "0-1"]
[WhiteElo "2131"]
[BlackElo "2283"]
[PlyCount "54"]
[EventDate "2024.08.20"]
[EventType "swiss (blitz)"]
[EventRounds "11"]
[EventCountry "USA"]
[SourceTitle "EXT 2025"]
[Source "ChessBase"]
[SourceDate "2024.10.14"]
[SourceVersion "1"]
[SourceVersionDate "2024.10.14"]
[SourceQuality "1"]

1. Nf3 Nf6 2. g3 e6 3. Bg2 d5 4. 0-0 Be7 5. c4 0-0 6. Qc2 a6 7. d4 dxc4 8. Qxc4 b5 9. Qc2 Bb7 10. Bg5 Nc6 11. Rd1 Nb4 12. Qc1 Rc8 13. a3 Nbd5 14. Nc3 c5 15. dxc5 Bxc5 16. e4 Nxc3 17. Rxd8 Ne2+ 18. Kf1 Nxc1 19. Rxc8 Rxc8 20. Rxc1 Nxe4 21. Ne1 f5 22. Nd3 Bd4 23. Rxc8+ Bxc8 24. Bc1 Bb7 25. b3 Bd5 26. b4 Bc4 27. Ke2 Nxf2 0-1

[Event "Titled Tuesday intern op 20th Aug Early"]
[Site "Chess.com INT"]
[Date "2024.08.20"]
[Round "10"]
[White "Marinakis, Hristos"]
[Black "Sericano, Claudio"]
[Result "1-0"]
[WhiteElo "2131"]
[BlackElo "2260"]
[PlyCount "127"]
[EventDate "2024.08.20"]
[EventType "swiss (blitz)"]
[EventRounds "11"]
[EventCountry "USA"]
[SourceTitle "EXT 2025"]
[Source "ChessBase"]
[SourceDate "2024.10.14"]
[SourceVersion "1"]
[SourceVersionDate "2024.10.14"]
[SourceQuality "1"]

1. Nf3 d5 2. g3 Nd7 3. Bg2 e5 4. d3 Ngf6 5. 0-0 Bc5 6. Nbd2 0-0 7. e4 dxe4 8. Nxe4 Nxe4 9. dxe4 c6 10. c3 Qc7 11. Qc2 Re8 12. Rd1 Nf8 13. h3 h6 14. Rd3 Be6 15. Be3 Bxe3 16. Rxe3 Rad8 17. Rd3 Rxd3 18. Qxd3 Rd8 19. Qe3 b6 20. a3 Qd6 21. Bf1 Nd7 22. Kg2 Nc5 23. Be2 f6 24. Rd1 Qe7 25. Rxd8+ Qxd8 26. Nd2 Qd7 27. Bc4 Kf7 28. Bxe6+ Nxe6 29. Nf3 Qd1 30. Nd2 Qc2 31. b4 Qa2 32. Qd3 Ke7 33. Nc4 Ng5 34. Qd6+ Kf7 35. Qd7+ Kg8 36. Nd6 Qe2 37. Qc8+ Kh7 38. Qf5+ Kg8 39. h4 Qd1 40. Qc8+ Kh7 41. Qf5+ Kg8 42. hxg5 Qxd6 43. gxh6 gxh6 44. Qg6+ Kf8 45. Qxh6+ Ke7 46. Qg7+ Kd8 47. Qxa7 Qd3 48. Qb8+ Kd7 49. Qb7+ Kd6 50. Qb8+ Ke6 51. Qc8+ Ke7 52. Qc7+ Kf8 53. Qxc6 Qc2 54. Qxf6+ Kg8 55. Qg6+ Kf8 56. Qf5+ Kg8 57. g4 Qb3 58. Qg6+ Kf8 59. Qf6+ Kg8 60. Qxe5 Qxa3 61. Qd5+ Kf8 62. Qd6+ Kg7 63. Qxb6 Qxc3 64. Qe6 1-0

[Event "Titled Tuesday intern op 20th Aug Early"]
[Site "Chess.com INT"]
[Date "2024.08.20"]
[Round "4"]
[White "Winter Atwell, Adrian"]
[Black "Marinakis, Hristos"]
[Result "1-0"]
[WhiteElo "2103"]
[BlackElo "2131"]
[PlyCount "63"]
[EventDate "2024.08.20"]
[EventType "swiss (blitz)"]
[EventRounds "11"]
[EventCountry "USA"]
[SourceTitle "EXT 2025"]
[Source "ChessBase"]
[SourceDate "2024.10.14"]
[SourceVersion "1"]
[SourceVersionDate "2024.10.14"]
[SourceQuality "1"]

1. e4 e5 2. Nf3 d6 3. d4 exd4 4. c3 Nf6 5. Bd3 dxc3 6. Nxc3 Be7 7. h3 0-0 8. 0-0 Re8 9. Qb3 Nc6 10. Rd1 h6 11. e5 dxe5 12. Bh7+ Kxh7 13. Rxd8 Rxd8 14. Qxf7 Bf5 15. Bxh6 Kxh6 16. g4 Bg6 17. Qe6 Rd6 18. Qb3 Kh7 19. Qxb7 Rad8 20. Re1 e4 21. Ng5+ Kh8 22. Ngxe4 Nxe4 23. Nxe4 Re6 24. f3 Nd4 25. Kg2 Rf8 26. Qd5 c5 27. Rf1 Bh4 28. Qxc5 Nxf3 29. Qxf8+ Kh7 30. Ng3 Re8 31. Qxf3 Bxg3 32. Qxg3 1-0

[Event "Titled Tuesday intern op 28th Nov Late"]
[Site "Chess.com INT"]
[Date "2023.11.28"]
[Round "2"]
[White "Marinakis, Hristos"]
[Black "Wieczorek, Oskar"]
[Result "0-1"]
[WhiteElo "2130"]
[BlackElo "2491"]
[PlyCount "98"]
[EventDate "2023.11.28"]
[EventType "swiss (blitz)"]
[EventRounds "11"]
[EventCountry "USA"]
[SourceTitle "EXT 2025"]
[Source "ChessBase"]
[SourceDate "2024.10.14"]
[SourceVersion "1"]
[SourceVersionDate "2024.10.14"]
[SourceQuality "1"]

1. e4 c5 2. Nf3 e6 3. d4 cxd4 4. Nxd4 Nf6 5. Nc3 d6 6. Bc4 Be7 7. Bb3 Na6 8. 0-0 Nc5 9. Qf3 0-0 10. Re1 Bd7 11. Qg3 Kh8 12. a3 Nxb3 13. cxb3 e5 14. Nc2 Bc6 15. Bd2 Qb6 16. Nb4 a5 17. Nbd5 Bxd5 18. Nxd5 Nxd5 19. exd5 f5 20. Qe3 Qb5 21. Rad1 Qxd5 22. Qb6 Qc6 23. Qe3 Bf6 24. Rc1 Qd7 25. Red1 d5 26. Qb6 d4 27. Rc7 Qd5 28. Rdc1 e4 29. Qxb7 Qxb7 30. Rxb7 h6 31. Kf1 Rab8 32. Rcc7 Rxb7 33. Rxb7 Rc8 34. Bxa5 Rc1+ 35. Ke2 Rc2+ 36. Kd1 Rxb2 37. a4 d3 38. Kc1 Rxf2 39. Bb6 Rxg2 40. Be3 Re2 41. Bd2 Bg5 42. Bxg5 hxg5 43. a5 Ra2 44. b4 e3 45. Re7 d2+ 46. Kd1 Ra1+ 47. Ke2 d1Q+ 48. Kxe3 Ra3+ 49. Kf2 Rf3+ 0-1